Pirates of the Caribbean Quiz (All 5) - Statistics

General Stats
  • This quiz has been taken 193 times
    191 since last reset
  • The average score is 30 of 80
Answer Stats
Hint Answer % Correct
The Captain of the Pirate Ship (Movie1) Captain Jack Sparrow
99%
The Cursed Captain of the Pirate Ship (Movie1) Hector Barbossa
96%
The Blacksmith Will Turner
95%
The Governors Daughter Elizabeth Swann
86%
The Squid Captain Davy Jones
84%
The Disgraced Commodore Commodore James Norrington
77%
The Blacksmiths Father Bootstrap Bill Turner
75%
The nigh uncatchable Pirate Ship (Movie1) The Black Pearl
75%
The First mate of #1. Formerly in Royal Navy Joshamee Gibbs
74%
The Squid Captains Ship The Flying Dutchman
73%
Goddess of the Sea Tia Dalma / Calypso
71%
The Governor Governor Weatherby Swann
69%
The Magical Pirate Blackbeard
68%
The Squid Captains Deadly Pet The Kraken
66%
The Ghost Captain Captain Armando Salazar
64%
The Son of the Blacksmith Henry Turner
61%
The Mute Pirate Mr. Cotton
58%
Cursed Pirate with Wooden Eye Ragetti
58%
Pirate Lord of Singapore Captain Sao Feng
57%
The Lord of the EITC Lord Cutler Beckett
55%
The Lover of #1 (Movie4) Angelica
53%
Partner to above^ Pintel
53%
Movie #1 The Curse of the Black Pearl
48%
The Undead Monkey Jack The Monkey
47%
The Magical Pirates Ship The Queen Annes Revenge
47%
How many Pirate Lords are there 9
46%
What does EITC stand for East India Trading Company
46%
The Pirate City Tortuga
45%
Movie #3 At Worlds End
43%
Movie #2 Dead Mans Chest
42%
Movie #5 Dead Men Tell No Tales
42%
The King of England King George II
40%
The Short Pirate Marty
40%
Movie #4 On Stranger Tides
39%
The Royal Navy Town Port Royal
39%
The Father of #1 Captain Edward Teague
38%
Women Pirate (Movie1) Anamaria
36%
Where the King of England Lives London
36%
Where the Cursed Coins are Located Isla De Muerta
35%
The Mermaids name Syrena
32%
Where the Squid Captain sent #1 Davy Jones Locker
29%
Naval Minuteman turned Pirate #1 Mullroy
28%
Where the Magic Water is The Fountain of Youth
28%
The Warship of the Royal Navy The HMS Endeavour/Dauntless
28%
The Lords Assistant Ian Mercer
26%
The Tribe (Movie2) Pelegostos / Cannibals
26%
Prostitute #1 Scarlett
26%
The Cursed Coins (Movie1) Aztec Gold
25%
Prostitute #2 Giselle
25%
Where the Pirate Lords Gather Shipwreck Cove
24%
The Special Item of #1 The Compass
24%
The Secret Item in the Squid Captains Chest (Movie2) Davy Jones Heart
23%
Naval Minuteman turned Pirate #2 Murtogg
22%
The Ghost Ship The Silent Mary
22%
The Accused Witch (Movie5) Carina Smyth
19%
Where the Ghost Ship is trapped Devils Triangle
18%
Where the Mermaids were captured White Cap Bay
18%
The Ship #1 Escaped With The Dying Gull
17%
The Ending Storm (Movie3) The Maelstrom
17%
The Fastest Ship in the Royal Navy The HMS Interceptor
16%
The First Mate of #2 (Movie1) Bo'sun
14%
The Hammerhead Pirate Maccus
14%
Zombie Pirate #2 Quartermaster
14%
Pirate under the command of the Magical Pirate Scrum
14%
Original name of the ship Above ^ The Wicked Wench
14%
The Mermaids Lover Phillip Swift
13%
The Weapon that controls the Sea The Trident of Poseidon
13%
The Pirate Lord of Singapore's Ship The Empress
12%
The Pirate With a Shell as a Head Hadras
10%
The Sunken Ship where the Items used to Drink the Magic Water are The Santiago
10%
Zombie Pirate #1 Gunner
8%
The Town (Movie5) Saint Martin
8%
England's Competitor The Spaniards
8%
Where the Squid Captains Chest Is Isla Cruces
6%
The Junk ship that was used to find #1 The Hai Peng
6%
This Navy Ship #2 Captains (Movie4) The HMS Providence
6%
The Island where the tribe lives Isla De Pelegostos
4%
The Items used to Drink the Magic Water The Chalices of Ponce De Leon
4%
Where #1 was Stranded Rum-runners Island
3%
Zombie Pirate #3 Yeoman
3%
No matching quizzes found
Score Distribution
Percent of People with Each Score
Percentile by Number Answered
Your Score History
You have not taken this quiz since the last reset